आर्याभारत - 1- आदि-सभा- वन- विराट (Record no. 406869)

MARC details
000 -LEADER
fixed length control field 00691nam a2200181Ia 4500
008 - FIXED-LENGTH DATA ELEMENTS--GENERAL INFORMATION
fixed length control field 100122s9999 xx 000 0 und d
082 ## - DEWEY DECIMAL CLASSIFICATION NUMBER
Item number 17037
Classification number 821
100 ## - MAIN ENTRY--PERSONAL NAME
Personal name मोरोपंत
245 ## - TITLE STATEMENT
Title आर्याभारत - 1- आदि-सभा- वन- विराट
250 ## - EDITION STATEMENT
Edition statement 0
260 ## - PUBLICATION, DISTRIBUTION, ETC. (IMPRINT)
Name of publisher, distributor, etc यशवंत प्रकाशन
Date of publication, distribution, etc 1912
300 ## - PHYSICAL DESCRIPTION
Extent 78
520 ## - SUMMARY, ETC.
Summary, etc माळयावर- गठ्ठा- 1
620 ## -
-- माळयावर- गठ्ठा- 1
630 ## - SUBJECT ADDED ENTRY--UNIFORM TITLE
Uniform title आर्याभारत - 1- आदि-सभा- वन- विराट
730 ## - ADDED ENTRY--UNIFORM TITLE
Uniform title आर्याभारत - 1- आदि-सभा- वन- विराट
942 ## - ADDED ENTRY ELEMENTS (KOHA)
Koha item type Book
Holdings
Withdrawn status Lost status Damaged status Not for loan Home library Current library Shelving location Date acquired Cost, normal purchase price Total Checkouts Full call number Barcode Date last seen Cost, replacement price Price effective from Koha item type Public note
        S.V. Pathak Library, Vile Parle S.V. Pathak Library, Vile Parle   06/16/1971 4.00   17037 SVPPARLE-17037 01/25/2010 4.00 01/25/2010 Book गठ्ठा 1 General NA